(NEW) Winners, Runner-Ups and MVPs - Statistics

General Stats
  • This quiz has been taken 325 times
    46 since last reset
  • The average score is 38 of 42
Answer Stats
Hint Answer % Correct
Champions 2023 Winner Evil Geniuses
98%
Champions 2023 Runner-up Paper Rex
98%
Masters Reykjavík 2021 MVP TenZ
98%
Masters Tokyo 2023 MVP Alfajer
95%
Champions 2023 MVP Demon1
95%
Champions 2024 Winner EDward Gaming
95%
LOCK//IN São Paulo 2023 Winner Fnatic
95%
Masters Tokyo 2023 Winner Fnatic
95%
Masters Madrid 2024 Runner-up Gen.G Esports
95%
LOCK//IN São Paulo 2023 MVP Leo
95%
Champions 2022 Winner LOUD
95%
Masters Madrid 2024 Winner Sentinels
95%
Masters Bangkok 2025 Winner T1
95%
Masters Madrid 2024 MVP zekken
95%
Champions 2024 MVP ZmjjKK
95%
Masters Berlin 2021 Winner Gambit Esports
93%
Masters Shanghai 2024 Winner Gen.G Esports
93%
Champions 2025 Winner LFG DFM IS GONNA WIN IT ALL
93%
LOCK//IN São Paulo 2023 Runner-up LOUD
93%
Masters Toronto 2025 Winner Paper Rex
93%
Masters Reykjavík 2021 Winner Sentinels
93%
Masters Shanghai 2024 MVP t3xture
93%
Masters Shanghai 2024 Runner-up Team Heretics
93%
Champions 2024 Runner-up Team Heretics
93%
Champions 2021 Winner Acend
90%
Masters Tokyo 2023 Runner-up Evil Geniuses
90%
Masters Toronto 2025 Runner-up Fnatic
90%
Masters Bangkok 2025 Runner-up G2 Esports
90%
Masters Reykjavík 2022 Runner-up LOUD
90%
Masters Reykjavík 2022 Winner OpTic Gaming
90%
Champions 2022 Runner-up OpTic Gaming
90%
Masters Berlin 2021 MVP Chronicle
88%
Masters Toronto 2025 MVP f0rsaken
88%
Masters Bangkok 2025 MVP Meteor
88%
Masters Copenhagen 2022 Winner FunPlus Phoenix
85%
Champions 2021 Runner-up Gambit Esports
85%
Masters Reykjavík 2022 MVP Marved
85%
Masters Reykjavík 2021 Runner-up Fnatic
83%
Masters Copenhagen 2022 Runner-up Paper Rex
83%
Masters Berlin 2021 Runner-up ENVY
78%
Masters Copenhagen 2022 MVP SUYGETSU
76%
Champions 2021 MVP zeek
68%
No matching quizzes found
Score Distribution
Percent of People with Each Score
Percentile by Number Answered
Your Score History
You have not taken this quiz since the last reset